<?xml version="1.0" encoding="UTF-8"?>
<record
    xmlns:xsi="http://www.w3.org/2001/XMLSchema-instance"
    xsi:schemaLocation="http://www.loc.gov/MARC21/slim http://www.loc.gov/standards/marcxml/schema/MARC21slim.xsd"
    xmlns="http://www.loc.gov/MARC21/slim">

  <leader>01891nam0a2200361   4500</leader>
  <controlfield tag="001">rc\1922940</controlfield>
  <controlfield tag="005">20260405223330.0</controlfield>
  <datafield tag="035" ind1=" " ind2=" ">
    <subfield code="a">(NLR Aleph) 010169835</subfield>
  </datafield>
  <datafield tag="090" ind1=" " ind2=" ">
    <subfield code="a">10128493</subfield>
    <subfield code="c">10128493</subfield>
  </datafield>
  <datafield tag="100" ind1=" " ind2=" ">
    <subfield code="a">20080404d1912    |||y0rusy50      ca</subfield>
  </datafield>
  <datafield tag="101" ind1="0" ind2=" ">
    <subfield code="a">rus</subfield>
  </datafield>
  <datafield tag="102" ind1=" " ind2=" ">
    <subfield code="a">RU</subfield>
  </datafield>
  <datafield tag="105" ind1=" " ind2=" ">
    <subfield code="a">a z |||a|</subfield>
  </datafield>
  <datafield tag="135" ind1=" " ind2=" ">
    <subfield code="a">crcn 024aaaba</subfield>
  </datafield>
  <datafield tag="200" ind1="1" ind2=" ">
    <subfield code="a">&#x41F;&#x435;&#x440;&#x432;&#x43E;&#x431;&#x44B;&#x442;&#x43D;&#x44B;&#x435; &#x433;&#x440;&#x430;&#x43C;&#x43E;&#x442;&#x43A;&#x438;</subfield>
    <subfield code="e">&#x440;&#x430;&#x441;&#x441;&#x43A;&#x430;&#x437; &#x438;&#x437; &#x436;&#x438;&#x437;&#x43D;&#x438; &#x44E;&#x43A;&#x430;&#x433;&#x438;&#x440;&#x43E;&#x432;</subfield>
    <subfield code="a">&#x42E;&#x43A;&#x430;&#x433;&#x438;&#x440;&#x44B;</subfield>
    <subfield code="e">&#x43E;&#x447;&#x435;&#x440;&#x43A;</subfield>
    <subfield code="e">&#x441; 6 &#x440;&#x438;&#x441;&#x443;&#x43D;&#x43A;&#x430;&#x43C;&#x438;</subfield>
    <subfield code="f">[&#x441;&#x43E;&#x447;.] &#x41F;. &#x418;&#x43D;&#x444;&#x430;&#x43D;&#x442;&#x44C;&#x435;&#x432;&#x430;</subfield>
  </datafield>
  <datafield tag="210" ind1=" " ind2=" ">
    <subfield code="a">&#x421;&#x43F;&#x431;.</subfield>
    <subfield code="c">&#x438;&#x437;&#x434;&#x430;&#x43D;&#x438;&#x435; &#x41F;. &#x412;. &#x41B;&#x443;&#x43A;&#x43E;&#x432;&#x43D;&#x438;&#x43A;&#x43E;&#x432;&#x430;</subfield>
    <subfield code="d">1912</subfield>
  </datafield>
  <datafield tag="215" ind1=" " ind2=" ">
    <subfield code="a">33 &#x441;.</subfield>
    <subfield code="c">&#x438;&#x43B;.</subfield>
    <subfield code="d">19</subfield>
  </datafield>
  <datafield tag="225" ind1="1" ind2=" ">
    <subfield code="a">&#x417;&#x435;&#x43C;&#x43B;&#x44F; &#x438; &#x43B;&#x44E;&#x434;&#x438;</subfield>
    <subfield code="i">&#x413;&#x435;&#x43E;&#x433;&#x440;&#x430;&#x444;&#x438;&#x447;&#x435;&#x441;&#x43A;&#x430;&#x44F; &#x431;&#x438;&#x431;&#x43B;&#x438;&#x43E;&#x442;&#x435;&#x43A;&#x430;</subfield>
    <subfield code="i">&#x416;&#x438;&#x437;&#x43D;&#x44C; &#x43D;&#x430;&#x440;&#x43E;&#x434;&#x43E;&#x432; &#x420;&#x43E;&#x441;&#x441;&#x438;&#x438;</subfield>
    <subfield code="e">&#x440;&#x430;&#x441;&#x441;&#x43A;&#x430;&#x437;&#x44B; &#x41F;. &#x418;&#x43D;&#x444;&#x430;&#x43D;&#x442;&#x44C;&#x435;&#x432;&#x430;</subfield>
    <subfield code="v">&#x2116; 15</subfield>
  </datafield>
  <datafield tag="325" ind1=" " ind2=" ">
    <subfield code="a">&#x41A;&#x43E;&#x43F;&#x438;&#x44F; &#x434;&#x43E;&#x441;&#x442;&#x443;&#x43F;&#x43D;&#x430; &#x432; &#x42D;&#x43B;&#x435;&#x43A;&#x442;&#x440;&#x43E;&#x43D;. &#x431;-&#x43A;&#x435; &#x420;&#x41D;&#x411; http://vivaldi.nlr.ru/bx000022687/view</subfield>
  </datafield>
  <datafield tag="606" ind1="1" ind2=" ">
    <subfield code="a">&#x42E;&#x43A;&#x430;&#x433;&#x438;&#x440;&#x44B;</subfield>
    <subfield code="x">&#x418;&#x441;&#x442;&#x43E;&#x440;&#x438;&#x43A;&#x43E;-&#x44D;&#x442;&#x43D;&#x43E;&#x433;&#x440;&#x430;&#x444;&#x438;&#x447;&#x435;&#x441;&#x43A;&#x438;&#x435; &#x438;&#x441;&#x441;&#x43B;&#x435;&#x434;&#x43E;&#x432;&#x430;&#x43D;&#x438;&#x44F;</subfield>
    <subfield code="9">2399961</subfield>
    <subfield code="3">RU\NLR\AUTH\661430653</subfield>
  </datafield>
  <datafield tag="617" ind1=" " ind2=" ">
    <subfield code="a">&#x420;&#x43E;&#x441;&#x441;&#x438;&#x44F;</subfield>
    <subfield code="m">&#x421;&#x438;&#x431;&#x438;&#x440;&#x44C; &#x421;&#x435;&#x432;&#x435;&#x440;&#x43E;-&#x412;&#x43E;&#x441;&#x442;&#x43E;&#x447;&#x43D;&#x430;&#x44F;</subfield>
    <subfield code="m">&#x41A;&#x43E;&#x43B;&#x44B;&#x43C;&#x441;&#x43A;&#x438;&#x439; &#x43A;&#x440;&#x430;&#x439;, &#x438;&#x441;&#x442;&#x43E;&#x440;&#x438;&#x447;&#x435;&#x441;&#x43A;&#x430;&#x44F; &#x43E;&#x431;&#x43B;&#x430;&#x441;&#x442;&#x44C;</subfield>
  </datafield>
  <datafield tag="686" ind1=" " ind2=" ">
    <subfield code="a">&#x422;52(251.1=&#x42E;&#x43A;)</subfield>
  </datafield>
  <datafield tag="700" ind1=" " ind2="1">
    <subfield code="8">rus</subfield>
    <subfield code="7">ca</subfield>
    <subfield code="a">&#x418;&#x43D;&#x444;&#x430;&#x43D;&#x442;&#x44C;&#x435;&#x432;</subfield>
    <subfield code="b">&#x41F;. &#x41F;.</subfield>
    <subfield code="f">1860-1913</subfield>
    <subfield code="g">&#x41F;&#x43E;&#x440;&#x444;&#x438;&#x440;&#x438;&#x439; &#x41F;&#x430;&#x432;&#x43B;&#x43E;&#x432;&#x438;&#x447;</subfield>
    <subfield code="3">RU\NLR\AUTH\77101530</subfield>
    <subfield code="9">84456</subfield>
  </datafield>
  <datafield tag="801" ind1=" " ind2="0">
    <subfield code="a">RU</subfield>
    <subfield code="b">NLR</subfield>
    <subfield code="g">psbo</subfield>
  </datafield>
  <datafield tag="801" ind1=" " ind2="0">
    <subfield code="a">RU</subfield>
    <subfield code="b">RuMoRGB</subfield>
    <subfield code="2">psbo</subfield>
  </datafield>
  <datafield tag="801" ind1=" " ind2="1">
    <subfield code="a">RU</subfield>
    <subfield code="b">ProSoft-M</subfield>
    <subfield code="2">rusmarc</subfield>
  </datafield>
  <datafield tag="801" ind1=" " ind2="2">
    <subfield code="a">RU</subfield>
    <subfield code="b">NLR</subfield>
    <subfield code="c">20110901</subfield>
    <subfield code="2">rusmarc</subfield>
  </datafield>
  <datafield tag="852" ind1=" " ind2=" ">
    <subfield code="a">NLR</subfield>
    <subfield code="j">18.228.10.329(&#x2116; 15)</subfield>
  </datafield>
  <datafield tag="942" ind1=" " ind2=" ">
    <subfield code="c">BOOK</subfield>
  </datafield>
  <datafield tag="980" ind1=" " ind2=" ">
    <subfield code="a">NB</subfield>
  </datafield>
  <datafield tag="981" ind1="2" ind2="2">
    <subfield code="a">(22) &#x41C;&#x430;&#x442;&#x435;&#x440;&#x438;&#x430;&#x43B;&#x44B; &#x43F;&#x43E; &#x438;&#x441;&#x442;&#x43E;&#x440;&#x438;&#x438; &#x420;&#x43E;&#x441;&#x441;&#x438;&#x438;</subfield>
    <subfield code="b">(22) &#x422;&#x435;&#x440;&#x440;&#x438;&#x442;&#x43E;&#x440;&#x438;&#x44F;</subfield>
  </datafield>
  <datafield tag="981" ind1="2" ind2="2">
    <subfield code="a">(22) &#x41C;&#x430;&#x442;&#x435;&#x440;&#x438;&#x430;&#x43B;&#x44B; &#x43F;&#x43E; &#x438;&#x441;&#x442;&#x43E;&#x440;&#x438;&#x438; &#x420;&#x43E;&#x441;&#x441;&#x438;&#x438;</subfield>
    <subfield code="b">(22) &#x418;&#x441;&#x442;&#x43E;&#x440;&#x438;&#x44F; &#x420;&#x43E;&#x441;&#x441;&#x438;&#x438; &#x434;&#x43E; 25 &#x43E;&#x43A;&#x442;&#x44F;&#x431;&#x440;&#x44F; (7 &#x43D;&#x43E;&#x44F;&#x431;&#x440;&#x44F;) 1917 &#x433;&#x43E;&#x434;&#x430;</subfield>
  </datafield>
</record>
